Física para ciencia y la tecnología (Registro nro. 70766)
[ vista simple ]
| 000 -ENCABEZADO | |
|---|---|
| Número de control [NR] | 01450nam a2200361Ia 4500 |
| 008 - DE LONGITUD FIJA DE DATOS DE ELEMENTOS - INFORMACIÓN GENERAL | |
| Elementos de longitud fija [NR] | 130821s2010 sp a gr spa |
| 020 ## - NUMERO INTERNACIONAL NORMALIZADO PARA LIBROS [R] | |
| Número Internacional Normalizado del libro [NR] | 9788429144284 (obra completa) |
| 020 ## - NUMERO INTERNACIONAL NORMALIZADO PARA LIBROS [R] | |
| Número Internacional Normalizado del libro [NR] | 9788429144291 (volumen 1) |
| 020 ## - NUMERO INTERNACIONAL NORMALIZADO PARA LIBROS [R] | |
| Número Internacional Normalizado del libro [NR] | 9788429144307 (volumen 2) |
| 040 ## - FUENTE DE CATALOGACION [NR] | |
| Agencia de catalogación original [NR] | CO-BoUCM |
| Idioma de catalogación [NR] | spa |
| Quien Cataloga | |
| Quien Clasifica | |
| 041 00 - CODIGO DE IDIOMA [R] | |
| Código de idioma para texto/pista de sonido o título separado [R] | Español |
| 100 1# - ASIENTO PRINCIPAL--NOMBRE PERSONAL [NR] | |
| Nombre personal [NR] | Tipler, Paul. A. |
| ID Autoridad | 39753 |
| 245 10 - MENCION DE TITULO [NR] | |
| Título [NR] | Física para ciencia y la tecnología |
| Mención de responsabilidad, etc. [NR] | Paul A. Tipler, Gene Mosca ; Jose Casas-Vazquez,coordinador ; Alberto Bramon Planas...[y otros], traductores |
| 250 ## - MENCION DE EDICION [NR] | |
| Mención de edición [NR] | 6a ed |
| 260 ## - PUBLICACION, DISTRIBUCION, ETC. (PIE DE IMPRENTA) [R] | |
| Lugar de publicación, distribución, etc. [R] | Barcelona (España) |
| Nombre del editor, distribuidor, etc. [R] | Editorial Reverté |
| Fecha de publicación, distribución, etc. [R] | 2010 |
| 300 ## - DESCRIPCION FISICA [R] | |
| Extensión [R] | 2 vólumenes |
| Otros detalles físicos [NR] | ilustraciones a color |
| 505 ## - NOTA DE CONTENIDO CON FORMATO PREESTABLECIDO [R] | |
| Información miscelánea [R] | V.1 |
| State manifest and birth record (1764-1977). | Mecánica, oscilaciones y ondas, termodinámica. -- |
| Información miscelánea [R] | V.2 |
| State manifest and birth record (1764-1977). | Electricidad y magnetismo, luz |
| 650 #7 - ASIENTO SECUNDARIO DE MATERIA - TERMINO TEMATICO [R] | |
| Término temático o nombre geográfico como elemento de entrada [NR] | Ciencias naturales |
| 9 (RLIN) | 10813 |
| 650 #7 - ASIENTO SECUNDARIO DE MATERIA - TERMINO TEMATICO [R] | |
| Término temático o nombre geográfico como elemento de entrada [NR] | Física |
| 9 (RLIN) | 15907 |
| 650 #7 - ASIENTO SECUNDARIO DE MATERIA - TERMINO TEMATICO [R] | |
| Término temático o nombre geográfico como elemento de entrada [NR] | Mecánica |
| 9 (RLIN) | 19097 |
| 650 #7 - ASIENTO SECUNDARIO DE MATERIA - TERMINO TEMATICO [R] | |
| Término temático o nombre geográfico como elemento de entrada [NR] | Movimiento |
| 9 (RLIN) | 19811 |
| 650 #7 - ASIENTO SECUNDARIO DE MATERIA - TERMINO TEMATICO [R] | |
| Término temático o nombre geográfico como elemento de entrada [NR] | Óptica |
| 9 (RLIN) | 20780 |
| 690 ## - ASUNTO AGREGADO LOCAL DE ENTRADA - TÉRMINO TEMÁTICO (OCLC, RLIN) | |
| Acceso temático local | Física |
| 700 1# - ASIENTO SECUNDARIO - NOMBRE PERSONAL [R] | |
| Nombre personal [NR] | Bramón Planas, Albert |
| Término de relación [R] | traductor |
| 9 (RLIN) | 41288 |
| 700 1# - ASIENTO SECUNDARIO - NOMBRE PERSONAL [R] | |
| Nombre personal [NR] | Casas Vásquez, José |
| Término de relación [R] | coordinador |
| 9 (RLIN) | 39755 |
| 700 1# - ASIENTO SECUNDARIO - NOMBRE PERSONAL [R] | |
| Nombre personal [NR] | Llebot Rabagliati, Josep Enric |
| Término de relación [R] | traductor |
| 9 (RLIN) | 41283 |
| 700 1# - ASIENTO SECUNDARIO - NOMBRE PERSONAL [R] | |
| Nombre personal [NR] | López Aguilar, Fernando M |
| Término de relación [R] | traductor |
| 9 (RLIN) | 39757 |
| 700 1# - ASIENTO SECUNDARIO - NOMBRE PERSONAL [R] | |
| Nombre personal [NR] | Méndez López, Vicenc |
| Término de relación [R] | traductor |
| 9 (RLIN) | 39758 |
| 700 1# - ASIENTO SECUNDARIO - NOMBRE PERSONAL [R] | |
| Nombre personal [NR] | Mosca, Gene |
| 9 (RLIN) | 39759 |
| 765 ## - ASIENTO DE IDIOMA ORIGINAL [R] | |
| Título [NR] | Physics for scientists and engineers |
| 942 ## - ELEMENTOS DE ENTRADA AGREGADOS (KOHA) | |
| Tipo de ítem principal el descrito en 300a | Libro |
| Tema principal | Ciencias puras |
| Edición | 6 |
| Parte restante de la signatura top. | T595 |
| Sistema de clasificación | DEWEY |
| Clasificación | 530 |
| Título oculto en OPAC | No |
| Fecha de último préstamo | Total préstamos | Total Renewals | Signatura topográfica | Código de barras | Última vez visto | Volúmen / Fascículo | Ejemplar | Price effective from | Tipo de ítem | Perdido | Sistema de clasificación | Dañado | No prestable | Tipo de ítem específico | Suprimido | Ubicación habitual | Ubicación actual | Localización | Fecha de creación | Forma de adquisición | Costo | Costo de reposición | Proveedor |
|---|---|---|---|---|---|---|---|---|---|---|---|---|---|---|---|---|---|---|---|---|---|---|---|
| 15/10/2013 | 2 | 3 | 530 T595 | 100111980 | 04/12/2025 | 6a. Ed V.2 | Ej.2 | 03/02/2013 | Libro | DEWEY | Libro | Claustro | Claustro | 4to piso | 28/02/2013 | 140000.00 | |||||||
| 02/06/2023 | 2 | 530 T595 | 100111272 | 04/12/2025 | 6a. Ed V.2 | Ej.1 | 03/02/2013 | Libro | DEWEY | Libro | Claustro | Claustro | 4to piso | 30/09/2011 | 150000.00 | ||||||||
| 31/10/2022 | 18 | 19 | 530 T595 | 100111271 | 04/12/2025 | 6a. Ed V.1 | Ej.1 | 03/02/2013 | Libro | DEWEY | Libro | Claustro | Claustro | 4to piso | 30/09/2011 | 150000.00 | |||||||
| 04/08/2025 | 38 | 43 | 530 T595 | 200024647 | 11/12/2025 | 6a.Ed. V.1 | Ej.2 | 20/06/2013 | Libro | DEWEY | Libro | Quinta de Mutis | Quinta de Mutis | Mezanecs | 20/06/2013 | Compra | 128600.00 | 130000.00 | 15 | ||||
| 25/09/2019 | 35 | 36 | 530 T595 | 200024690 | 11/12/2025 | 6a.Ed. V.1 | Ej.3 | 20/06/2013 | Libro | DEWEY | Libro | Quinta de Mutis | Quinta de Mutis | Mezanecs | 20/06/2013 | Compra | 128600.00 | 130000.00 | 15 | ||||
| 20/09/2023 | 34 | 21 | 530 T595 | 200024809 | 11/12/2025 | 6a.Ed. V.1 | Ej.5 | 12/07/2013 | Libro | DEWEY | Libro | Quinta de Mutis | Quinta de Mutis | Mezanecs | 12/07/2013 | Compra | 118300.00 | 130000.00 | 15 | ||||
| 17/09/2019 | 35 | 39 | 530 T595 | 200024808 | 11/12/2025 | 6a.Ed. V.1 | Ej.4 | 12/07/2013 | Libro | DEWEY | Libro | Quinta de Mutis | Quinta de Mutis | Mezanecs | 12/07/2013 | Compra | 118300.00 | 130000.00 | 15 | ||||
| 26/03/2019 | 10 | 12 | 530 T595 | 200024812 | 11/12/2025 | 6a.Ed. V.2 | Ej.5 | 12/07/2013 | Libro | DEWEY | Libro | Quinta de Mutis | Quinta de Mutis | Mezanecs | 12/07/2013 | Compra | 95900.00 | 106275.00 | 15 | ||||
| 13/08/2021 | 13 | 12 | 530 T595 | 200024810 | 11/12/2025 | 6a.Ed. V.2 | Ej.3 | 12/07/2013 | Libro | DEWEY | Libro | Quinta de Mutis | Quinta de Mutis | Mezanecs | 12/07/2013 | Compra | 95900.00 | 106275.00 | 15 | ||||
| 11/08/2021 | 13 | 4 | 530 T595 | 200024811 | 11/12/2025 | 6a.Ed. V.2 | Ej.4 | 12/07/2013 | Libro | DEWEY | Libro | Quinta de Mutis | Quinta de Mutis | Mezanecs | 12/07/2013 | Compra | 95900.00 | 106275.00 | 15 | ||||
| 11/08/2021 | 12 | 6 | 530 T595 | 200024813 | 11/12/2025 | 6a.Ed. V.2 | Ej.6 | 12/07/2013 | Libro | DEWEY | Libro | Quinta de Mutis | Quinta de Mutis | Mezanecs | 12/07/2013 | Compra | 95900.00 | 106275.00 | 15 |